The People Have Spoken (Record no. 351379)
[ view plain ]
| 000 -LEADER | |
|---|---|
| fixed length control field | 00538nam a2200133Ia 4500 |
| 008 - FIXED-LENGTH DATA ELEMENTS--GENERAL INFORMATION | |
| fixed length control field | 171212s9999 xx 000 0 und d |
| 020 ## - INTERNATIONAL STANDARD BOOK NUMBER | |
| International Standard Book Number | 9781760460013 |
| 245 ## - TITLE STATEMENT | |
| Statement of responsibility, etc | editor Steven Ratuva, ;Stephanie Lawson, |
| Title | The People Have Spoken |
| Remainder of title | The 2014 Elections in Fiji |
| 260 ## - PUBLICATION, DISTRIBUTION, ETC. (IMPRINT) | |
| Name of publisher, distributor, etc | ANU E Press |
| Date of publication, distribution, etc | 2016 |
| 440 ## - SERIES STATEMENT/ADDED ENTRY--TITLE | |
| Title | Pacific Series |
| 650 ## - SUBJECT ADDED ENTRY--TOPICAL TERM | |
| Topical term or geographic name as entry element | Elections -- Fiji; Election law -- Fiji; Fiji -- Ethnic relations -- Political aspects; Fiji -- Politics and government |
| 650 ## - SUBJECT ADDED ENTRY--TOPICAL TERM | |
| Topical term or geographic name as entry element | Political Science |
| 856 ## - ELECTRONIC LOCATION AND ACCESS | |
| Uniform Resource Identifier | <a href="http://jstor.org/stable/j.ctt1bw1hc6">http://jstor.org/stable/j.ctt1bw1hc6</a> |
| Withdrawn status | Lost status | Damaged status | Home library | Current library | Date acquired | Total Checkouts | Date last seen | Price effective from | Koha item type |
|---|---|---|---|---|---|---|---|---|---|
| College Library | College Library | 12/12/2017 | 12/12/2017 | 12/12/2017 | Curriculum - Based eBooks |